[Event "KO Blitz"]
[Site "Cap D'Agde FRA"]
[Date "2003.10.28"]
[Round "1.3"]
[White "Grischuk,A"]
[Black "Bacrot,E"]
[Result "1-0"]
[WhiteElo "2732"]
[BlackElo "2664"]
[EventDate "2003.10.28"]

1. e4 e5 2. Nf3 d6 3. d4 exd4 4. Nxd4 Nf6 5. Nc3 Be7 6. Nde2 O-O 7. g3 Re8
8. Bg2 c6 9. O-O Nbd7 10. a4 a5 11. h3 Bf8 12. g4 Nc5 13. Ng3 Qb6 14. Be3
Nfd7 15. b3 g6 16. Bd4 Qc7 17. Qd2 Ne6 18. Be3 Nec5 19. Rfe1 b6 20. Rad1
Ba6 21. Bf4 Ne5 22. Bg5 Ned7 23. Nce2 b5 24. axb5 Bxb5 25. Nd4 Ba6 26. Bh6
Rad8 27. Bxf8 Nxf8 28. Ra1 Nb7 29. c4 Ne6 30. Nxe6 Rxe6 31. Qc3 Rb8 32. Ne2
Ree8 33. Nd4 Qb6 34. Re3 Ra8 35. h4 Nc5 36. h5 Bb7 37. h6 f6 38. Nc2 Rf8
39. g5 a4 40. b4 Ne6 41. gxf6 Qd8 42. Rd1 Rxf6 43. e5 Rf4 44. exd6 Qf6 45.
Qxf6 Rxf6 46. b5 Nf4 47. bxc6 Nxg2 48. cxb7 1-0

[Event "KO Blitz"]
[Site "Cap D'Agde FRA"]
[Date "2003.10.28"]
[Round "1.4"]
[White "Bacrot,E"]
[Black "Grischuk,A"]
[Result "0-1"]
[WhiteElo "2664"]
[BlackElo "2732"]
[EventDate "2003.10.28"]

1. d4 Nf6 2. Nf3 e6 3. c4 b6 4. Nc3 Bb7 5. a3 d5 6. Bg5 Be7 7. Bxf6 Bxf6 8.
cxd5 exd5 9. Qa4+ Qd7 10. Qb3 c5 11. Rd1 c4 12. Qc2 O-O 13. g3 Re8 14. Bg2
Na6 15. O-O Nc7 16. Rfe1 Rad8 17. h4 h5 18. e4 dxe4 19. Nxe4 Bxe4 20. Rxe4
Rxe4 21. Qxe4 Re8 22. Qb7 Re7 23. Qxa7 Qb5 24. d5 Na6 25. Qa8+ Re8 26. Qb7
Nc5 27. Qc7 Re7 28. Qc8+ Re8 29. Qf5 Qxb2 30. d6 c3 31. d7 Rd8 32. Re1 Nxd7
33. Ng5 Bxg5 34. hxg5 g6 35. Qe4 c2 36. Qe7 Rf8 37. Qe3 Nc5 38. Bd5 Kg7 39.
Kg2 Nd3 40. Qxd3 c1=Q 41. Rxc1 Qxc1 42. Qd4+ Kh7 43. Qf6 Qc7 44. f4 Qd8 45.
Qe5 Re8 46. Qd4 Qd7 47. Qc4 Rc8 48. Qb3 Rc7 49. Be4 Qe6 50. Qd3 Re7 51. Bf3
Rd7 52. Qc3 Qd6 53. Kh3 Qe6+ 54. Kh2 Qd6 55. Qc4 Rc7 56. Qe4 Re7 57. Qc2
Rc7 58. Qb3 Kg8 59. f5 Qd2+ 60. Bg2 Rc2 61. Qf3 gxf5 62. g6 Qxg2+ 0-1

[Event "KO Rapid"]
[Site "Cap D'Agde FRA"]
[Date "2003.10.28"]
[Round "1.1"]
[White "Svidler,P"]
[Black "Topalov,V"]
[Result "1/2-1/2"]
[WhiteElo "2723"]
[BlackElo "2735"]
[EventDate "2003.10.28"]

1. e4 c5 2. Nf3 Nc6 3. d4 cxd4 4. Nxd4 Nf6 5. Nc3 e5 6. Ndb5 d6 7. Bg5 a6
8. Na3 b5 9. Bxf6 gxf6 10. Nd5 f5 11. Bd3 Be6 12. c3 Bg7 13. Qh5 O-O 14.
O-O f4 15. Rad1 Ra7 16. Nc2 Kh8 17. Ncb4 Nxb4 18. Nxb4 Qd7 19. Be2 f5 20.
exf5 Rxf5 21. Qh4 Bf6 22. Qh6 Bg7 23. Qh4 Bf6 24. Qh6 Bg7 1/2-1/2

[Event "KO Rapid"]
[Site "Cap D'Agde FRA"]
[Date "2003.10.29"]
[Round "2.2"]
[White "Svidler,P"]
[Black "Anand,V"]
[Result "1/2-1/2"]
[WhiteElo "2723"]
[BlackElo "2766"]
[EventDate "2003.10.27"]

1. e4 e5 2. Nf3 Nc6 3. Bb5 a6 4. Ba4 Nf6 5. O-O b5 6. Bb3 Bc5 7. a4 Rb8 8.
c3 d6 9. d4 Bb6 10. Na3 O-O 11. axb5 axb5 12. Nxb5 exd4 13. cxd4 Bg4 14.
Ba4 d5 15. e5 Ne4 16. Be3 f6 17. Nxc7 Nb4 18. h3 Bxf3 19. gxf3 Bxc7 20.
fxe4 dxe4 21. Qg4 fxe5 22. dxe5 Qd5 23. Bd7 Qxe5 24. Qe6+ Kh8 25. Qxe5 Bxe5
26. Ra4 Nd5 27. Rxe4 Nxe3 28. Rxe3 1/2-1/2